| 000 | 00958nam a2200229Ii 4500 | ||
|---|---|---|---|
| 003 | JO-AjNU | ||
| 008 | 230605s9999||||xx |||||||||||||| ||und|| | ||
| 017 | _a95/2225 | ||
| 040 |
_aJO-AjNU _bara _erda _cJO-AjNU |
||
| 041 | _aara | ||
| 050 | 1 | 4 | _aBP155.U85 1995 |
| 100 | 3 |
_aالعثيمين، محمد الصالح ؛ تحقيق نصوص واخراج احاديث: أبو محمد أشرف بن عبد المقصود, _eauthor _915672 |
|
| 245 | 0 | 0 | _aالشرح الممتع على زاد المستنقع صفة الصلاة |
| 250 | _aط1 | ||
| 264 | 3 | 1 | _aالقاهرة: مكتبة السنة الدار السلفية لنشر العلم، 1995 |
| 300 |
_a419ص _bيتضمن فهارس الكتاب ص391- 419 |
||
| 336 |
_atext _btxt _2rdacontent |
||
| 337 |
_aunmediated _bn _2rdamedia |
||
| 338 |
_avolume _bnc _2rdacarrier |
||
| 490 | 0 | _aمن نفائس ابن عثيمين | |
| 650 | 4 |
_aالصلاة- العبادات- فقه اسلامي _915673 |
|
| 999 |
_aA4480 _c8048 _d8048 |
||